Statistika pro ekonomy aplikace

Saved in:
Bibliographic Details
Main Author: Marek, Luboš
Format: Book
Language:Czech
Published: Praha Professional Publishing 2005
Subjects:
Tags: Add Tag
No Tags, Be the first to tag this record!

MARC

LEADER 00000nam$a2200000$$$4500
001 0027278
005 20240109121131.2
020 |a 80-86419-68-1 
041 0 |a cze 
044 |a CZ 
245 1 0 |a Statistika pro ekonomy  |b aplikace  |c Luboš Marek a kol. 
264 1 |a Praha  |b Professional Publishing  |c 2005 
300 |a 423 s. 
610 2 0 |a štatistika 
610 2 0 |a pravdepodobnosť 
610 2 0 |a súbory štatistické 
610 2 0 |a spracovanie dát 
610 2 0 |a analýza regresná 
610 2 0 |a analýza korelačná 
610 2 0 |a rady časové 
610 2 0 |a indexy 
610 2 0 |a softvér 
610 2 0 |a SAS 
100 1 |a Marek, Luboš